Plato

Salvato in:
Dettagli Bibliografici
Autore principale: BARRON, Robin
Natura: Libro
Lingua:inglese
Pubblicazione: Bloombury Acdemic 2007
Tags: Aggiungi Tag
Nessun Tag, puoi essere il primo ad aggiungerne!!

MARC

LEADER 00000nam a22000007a 4500
008 231113b |||||||| |||| 00| 0 eng d
020 |a 9781472504852 
100 |a BARRON, Robin 
245 |a Plato  |c /Robin Barron  |e (continuum library of educational thought)  |f v9  |g xvi, 199p 
260 |b Bloombury Acdemic  |c 2007  |h London  |i 699916  |i 699917  |l LB85.P7B23  |m Plato  |m Education- Philosophy  |m Education, Greek 
500 |a it includes references and index 
942 |a lcc  |c BK  |e Johnson  |f 13/11/23 
952 |0 0  |1 0  |2 lcc  |4 0  |6 LB0085 P7 B23  |7 0  |9 4626  |a ED  |b HOL  |c LP  |d 2023-11-13  |l 0  |o LB85.P7B23  |p 2023-0545  |r 2023-11-13 00:00:00  |t 699916  |w 2023-11-13  |y BK 
999 |c 2320  |d 2320